000 01689cam a22004457a 4500
001 000093811
003 CHAP
005 20220329142953.0
008 050518d2005 mx r 00110 spa d
010 _a90277
011 _a91249
035 _a101807
040 _cCHAP
090 _aTesis
100 0 0 _aHerrera Gómez, Sergio Santiago.
_954886
245 1 0 _aImpacto de las políticas agrícolas en el cultivo de durazno bajo riego por microaspersión en el distrito de riego 016, Estado de Morelos /
_c/por Sergio Santiago Herrera Gómez.
260 _aChapingo, Méx. :
_bEl autor,
_c2005.
300 _a100 h. :
_bilus.; gráfs.; cuadros, mapas, + anexo.
502 _aTesis (Ing. en Irrigación) -- UACH. Departamento de Irrigación
590 _aALEPH
_b10
_c20130110
_lUCH01
_h1505
590 _aBATCH-UPD
_b10
_c20130110
_lUCH01
_h0409
590 _aBATCH-UPD
_b10
_c20130410
_lUCH01
_h0043
590 _aBATCH-UPD
_b10
_c20130914
_lUCH01
_h1224
590 _aBATCH-UPD
_b10
_c20140324
_lUCH01
_h1450
590 _aBATCH-UPD
_b10
_c20141002
_lUCH01
_h0826
590 _aCONVERSION
_b10
_c20130109
_lUCH01
_h1350
590 _aE5765TAJ
_b10
_c20130619
_lUCH01
_h1257
590 _aE5765TAJ
_b10
_c20130703
_lUCH01
_h0930
650 1 4 _aDurazno
_xIrrigación.
_934612
650 1 4 _aDurazno
_xMorelos.
_934617
650 1 4 _aDurazno
_xRendimiento.
_934625
650 1 4 _aPolítica agrícola
_xMorelos.
_990337
856 _3Finding aid
_uhttp://10.13.5.2/tesis/101807.pdf
_zTeclea aquí
901 _aBK
905 _aElisama A. H.
942 _cCD
942 _n0
949 _aTesis
_bBC
_cTES
_d101807
_eTS1
_h43695
_i101807
_sb
949 _aTesis
_bBC
_cTES
_d33724000945333
_eTS2
_h43696
_i101807
_si
999 _c90277
_d90277